L'Oceanografia
Publicado:
Barcelona :
Diputació de Barcelona, Servei del Medi Ambient, Gabinet de Publicacions, DL 1985
Descripción Física:
2 v. ; 24 cm
Colección:
Quaderns d'ecologia aplicada ; 8 ; 9
MARC
| LEADER | 00000nam a2200000Ia 4500 | ||
|---|---|---|---|
| 001 | 1577, 2143 | ||
| 008 | 160829s9999 xx 000 0 cat d | ||
| 080 | |a C-1-222, C-1-223 | ||
| 245 | |a L'Oceanografia | ||
| 260 | |a Barcelona : |b Diputació de Barcelona, Servei del Medi Ambient, Gabinet de Publicacions, DL 1985 | ||
| 300 | |a 2 v. ; |c 24 cm | ||
| 490 | |a Quaderns d'ecologia aplicada ; 8 ; 9 | ||
| 590 | |a Conté: v. 1: Introducció a l'ecologia marina mediterrània / Miquel Alcaraz ... [et al.]; v. 2: Recursos pesquers de la mar catalana / Montserrat Demestre ... [et al.] | ||
| 650 | |a Pesca |x Catalunya |9 32832 | ||
| 650 | |a Ecologia marina |9 32833 | ||
| 700 | |a Alcaraz, Miguel |9 32834 | ||
| 700 | |a Demestre, Montserrat |9 32835 | ||
| 710 | 1 | |a Barcelona (Catalunya : Província). |b Servei de Medi Ambient |9 53475 | |
| 901 | |a Arxiu | ||
| 942 | |n 1 | ||
| 952 | |0 0 |1 0 |4 0 |6 C1222_C1223 |7 1 |9 46118 |a Arxiu |b Arxiu |d 2016-12-01 |l 0 |o C-1-222, C-1-223 |p 1577, 2143 |r 2016-12-01 00:00:00 |w 2016-12-01 |y ARXIU | ||
| 999 | |c 49620 |d 49620 | ||